<?xml version="1.0" encoding="UTF-8"?><?xml-stylesheet type="text/xsl" href="static/style.xsl"?><OAI-PMH xmlns="http://www.openarchives.org/OAI/2.0/" xmlns:xsi="http://www.w3.org/2001/XMLSchema-instance" xsi:schemaLocation="http://www.openarchives.org/OAI/2.0/ http://www.openarchives.org/OAI/2.0/OAI-PMH.xsd"><responseDate>2026-04-13T07:13:10Z</responseDate><request verb="GetRecord" identifier="oai:www.recercat.cat:2445/51726" metadataPrefix="marc">https://recercat.cat/oai/request</request><GetRecord><record><header><identifier>oai:recercat.cat:2445/51726</identifier><datestamp>2025-12-04T22:30:49Z</datestamp><setSpec>com_2072_1057</setSpec><setSpec>col_2072_478917</setSpec><setSpec>col_2072_478931</setSpec></header><metadata><record xmlns="http://www.loc.gov/MARC21/slim" xmlns:dcterms="http://purl.org/dc/terms/" xmlns:xsi="http://www.w3.org/2001/XMLSchema-instance" xmlns:doc="http://www.lyncode.com/xoai" xsi:schemaLocation="http://www.loc.gov/MARC21/slim http://www.loc.gov/standards/marcxml/schema/MARC21slim.xsd">
   <leader>00925njm 22002777a 4500</leader>
   <datafield ind2=" " ind1=" " tag="042">
      <subfield code="a">dc</subfield>
   </datafield>
   <datafield ind2=" " ind1=" " tag="720">
      <subfield code="a">Vieta i Pascual, Eduard, 1963-</subfield>
      <subfield code="e">author</subfield>
   </datafield>
   <datafield ind2=" " ind1=" " tag="720">
      <subfield code="a">Günther, Oliver</subfield>
      <subfield code="e">author</subfield>
   </datafield>
   <datafield ind2=" " ind1=" " tag="720">
      <subfield code="a">Locklear, Julie</subfield>
      <subfield code="e">author</subfield>
   </datafield>
   <datafield ind2=" " ind1=" " tag="720">
      <subfield code="a">Ekman, Mattias</subfield>
      <subfield code="e">author</subfield>
   </datafield>
   <datafield ind2=" " ind1=" " tag="720">
      <subfield code="a">Miltenburger, Carolin</subfield>
      <subfield code="e">author</subfield>
   </datafield>
   <datafield ind2=" " ind1=" " tag="720">
      <subfield code="a">Chatterton, Mary Lou</subfield>
      <subfield code="e">author</subfield>
   </datafield>
   <datafield ind2=" " ind1=" " tag="720">
      <subfield code="a">Astöom, Mikael</subfield>
      <subfield code="e">author</subfield>
   </datafield>
   <datafield ind2=" " ind1=" " tag="720">
      <subfield code="a">Paulsson, Björn</subfield>
      <subfield code="e">author</subfield>
   </datafield>
   <datafield ind2=" " ind1=" " tag="260">
      <subfield code="c">2014-03-14T07:58:38Z</subfield>
   </datafield>
   <datafield ind2=" " ind1=" " tag="260">
      <subfield code="c">2014-03-14T07:58:38Z</subfield>
   </datafield>
   <datafield ind2=" " ind1=" " tag="260">
      <subfield code="c">2011-06-22</subfield>
   </datafield>
   <datafield ind2=" " ind1=" " tag="260">
      <subfield code="c">2014-03-14T07:58:38Z</subfield>
   </datafield>
   <datafield ind2=" " ind1=" " tag="520">
      <subfield code="a">The purpose of this meta-analysis was to examine the efficacy of maintenance treatments for bipolar disorder. Placebo-controlled or active comparator bipolar maintenance clinical trials of ≥6 months' duration with at least 15 patients/treatment group were identified using Medline, EMBASE, clinicaltrials.gov, and Cochrane databases (1993 to July 2010). The main outcome measure was relative risk for relapse for patients in remission. Twenty trials (5,364 patients) were identified. Overall, lithium and quetiapine were the most studied agents (eight and five trials, respectively). The majority of studies included patients who had previously responded to treatment for an acute episode. All interventions, with the exception of perphenazine+mood stabilizer, showed a relative risk for manic/mixed or depressive relapse below 1.0, although there was variation in the statistical significance of the findings vs. placebo. No monotherapy was associated with a significantly reduced risk for both manic/mixed and depressed relapse. Of the combination treatments, only quetiapine+lithium/divalproex, was associated with a significantly reduced risk vs. comparator (placebo+lithium/valproate) for relapse at both the manic/mixed and depressed poles of bipolar illness. Limitations for the analysis include differences in study durations and definitions of relapse. In conclusion, available maintenance therapies show considerable variation in efficacy. The efficacy of lithium and divalproex has been confirmed, but newer therapies, such as a number of atypical antipsychotics were also shown to be effective in bipolar disorder. Efficacy of all maintenance interventions needs to be balanced against the safety and tolerability profiles of individual agents.</subfield>
   </datafield>
   <datafield tag="653" ind2=" " ind1=" ">
      <subfield code="a">Trastorn bipolar</subfield>
   </datafield>
   <datafield tag="653" ind2=" " ind1=" ">
      <subfield code="a">Antipsicòtics</subfield>
   </datafield>
   <datafield tag="653" ind2=" " ind1=" ">
      <subfield code="a">Assaigs clínics</subfield>
   </datafield>
   <datafield tag="653" ind2=" " ind1=" ">
      <subfield code="a">Manic-depressive illness</subfield>
   </datafield>
   <datafield tag="653" ind2=" " ind1=" ">
      <subfield code="a">Antipsychotic drugs</subfield>
   </datafield>
   <datafield tag="653" ind2=" " ind1=" ">
      <subfield code="a">Clinical trials</subfield>
   </datafield>
   <datafield ind2="0" ind1="0" tag="245">
      <subfield code="a">Effectiveness of psychotropic medications in the maintenance phase of bipolar disorder:a meta-analysis of randomized controlled trials</subfield>
   </datafield>
</record></metadata></record></GetRecord></OAI-PMH>